LDR 00637naa#a2200169#i#450# 001 EN\INFRA-M\bibl\122807 005 20260513205505.3 011 ## _a1998-0701 100 ## _a20260430b2026####ek#y0engy0150####ca 102 ## _aRU 200 1# _aThe Structure and Content of an Islamic Bank’s Balance Sheet to Reveal the Essence of the Islamic Banking System _eJournal article 210 1# _aMoscow _cINFRA-M Academic Publishing LLC. _d2026 215 ## _a5 с. 608 ## _aJournal article _2local 675 ## _aРегиональная экономика. Территориальная экономика. 332.1 _z 700 #1 _aKharakoz _gYu. 856 4# _anaukaru.ru _u